00610cam a22002411 4500001001300000003000400013005001700017008004100034010001700075035002000092040001800112042001200130043002100142050001400163100002700177245002400204260001100228300001800239500001500257651004200272651003700314999001700351ne 64001104 DLC20260227111759.0890619s1963 xx 000 0 ara  ane 64001104  a(OCoLC)23483410 aDLCcMiUdDLC apremarc aaw-----af------00aDT31b.F31 aFaraj, ʻIzz al-Dīn.10aMin ajl al-salām. c[1963] a46 p.c20 cm. aRomanized. 0aMiddle EastxPolitics and government. 0aAfricaxPolitics and government. c46971d46971